| 000 | 01349nam0a2200349 4500 | ||
|---|---|---|---|
| 001 | RU\NLR\BIBL_A\022610030 | ||
| 005 | 20260420052550.0 | ||
| 010 |
_a978-5-222-45151-9 _94000 |
||
| 021 |
_aRU _bКН-П-25-039112 _9КН-П-25-3820 |
||
| 035 | _a(NLR Aleph) 022610030 | ||
| 090 |
_a13682890 _c13682890 |
||
| 100 | _a20250826d2025 u y0rusy50 ca | ||
| 101 | 0 | _arus | |
| 102 | _aRU | ||
| 105 | _aa z 000ay | ||
| 181 | 0 |
_ab3 _bxb2e |
|
| 181 | 0 |
_ai2 _baxxe |
|
| 182 | 0 | _an | |
| 200 | 1 |
_aБотинки с бубенцами _fнаписала Н. Александровская _gнарисовала Е. Шашкина |
|
| 203 |
_aИзображение _aТекст _bвизуальные _cнепосредственные |
||
| 210 |
_aРостов-на-Дону _cФеникс, Феникс-Премьер _d2025 |
||
| 215 |
_a47 с. _cцв. ил. _d22 |
||
| 225 | 1 | _aСказки для детей | |
| 333 | _a0+ | ||
| 686 | 0 | _aШ9(2)60=Р7-2 | |
| 700 | 1 |
_aАлександровская _bН. А. _gНаталья Александровна |
|
| 702 | 1 |
_4440 _7ca _8rus _aШашкина _bЕ. И. _cхудожник-иллюстратор _gЕкатерина Игоревна _9250309 _3RU\NLR\AUTH\770250365 |
|
| 942 | _cBOOK | ||
| 980 | _aNB | ||